Organic crystals, germanates, semiconductors /

Bibliographic Details
Other Authors: Demʹi͡anet͡s, L. N. (Li͡udmila Nikolaevna), 1939-
Format: Book
Language:English
Published: Berlin ; New York : Springer-Verlag, 1980.
Series:Crystals ; 4.
Subjects:

MARC

Tag First Indicator Second Indicator Subfields
LEADER 00000cam a22000008a 4500
001 in00000072461
005 20151216094104.0
008 800813s1980 gw a b 00000 engm
010 |a  80020989  
020 |a 3540102981 (Berlin) 
020 |a 0387102981 (U.S.) 
035 |a (OCoLC)06666702 
035 |9 AAH7376AM 
040 |a DLC  |c DLC  |d TXA  |d UtOrBLW 
049 |a TXAM  |c [1195790] 
050 0 0 |a QD921  |b .O64 
082 0 |a 548  |2 19 
245 0 0 |a Organic crystals, germanates, semiconductors /  |c with contributions by L.N. Demianets [and others]. 
263 |a 8010 
264 1 |a Berlin ;  |a New York :  |b Springer-Verlag,  |c 1980. 
300 |a 219 pages :  |b illustrations ;  |c 25 cm. 
336 |a text  |b txt  |2 rdacontent 
337 |a unmediated  |b n  |2 rdamedia 
338 |a volume  |b nc  |2 rdacarrier 
490 1 |a Crystals--growth, properties, and applications ;  |v 4 
504 |a Includes bibliographical references. 
505 0 |a High purity organic molecular crystals / Nobert karl -- Rare-earth germanates / Ludmila N. Demianets, Anatoly N. Lobachev, and Gennadi A. Emelchenko -- Growth, properties and applications of narrow-gap semiconductors / Horst Maier and Joachim Hesse. 
650 0 |a Molecular crystals. 
650 0 |a Chemistry, Organic. 
650 0 |a Germanates. 
650 0 |a Narrow gap semiconductors. 
700 1 |a Demʹi͡anet͡s, L. N.  |q (Li͡udmila Nikolaevna),  |d 1939- 
830 0 |a Crystals ;  |v 4. 
999 |a MARS 
999 f f |s 5a631ed4-e59e-3096-be5b-8395e7b92249  |i 0cae4fd2-93b4-342a-80e6-b0cf8a53d533  |t 0 
952 f f |p ric  |a Texas A&M University  |b Rellis Campus  |c Joint Library Facility  |d Remote Storage  |t 0  |e QD921 .O64  |h Library of Congress classification  |i unmediated -- volume  |m A14806212995 
998 f f |a QD921 .O64  |t 0  |l Remote Storage